Music Quiz

Random Music or Kpop Quiz

How Well Do You Know B.A.P Quiz Stats

 Plays Quiz not verified by Sporcle

Challenge
Share
Tweet
Embed
Score 0/44 Timer 20:00
0 Plays Today
Hint Answer % Correct
Leader, Main RapperBang Yongguk
96.7%
Maknae, Lead Rapper, Lead Dancer(Stage Name)Zelo
96.5%
Main VocalJung Daehyun
96.1%
Sub-Vocalist, Rapper, Face Of The GroupKim Himchan
95.8%
Lead VocalYoo Youngjae
95.3%
Sub-Vocalist, Main DancerMoon Jongup
95.2%
What Are Their Fans CalledBabys
94.5%
CompanyTS Entertainment
93.3%
What Animal Is B.A.P Usually Associated With Rabbit
89.3%
What Does B.A.P Stand ForBest Absolute Perfect
85.9%
Which Member Writes Most Of Their SongsYongguk
85.5%
Which Member Has A Twin BrotherYongguk
85.2%
Which Member Likes To SkateboardJunhong
84.7%
Which Member Is From BusanDaehyun
84.5%
Which Member Is Closest To ZeloJongup
84.5%
Which Member Trained At JYPYoungjae
84.2%
Which Member Is Seen As The SmartestYoungjae
83.7%
Which Member Released A Solo Song Before DebutYongguk
83.6%
Which Member Has Dark SkinDaehyun
83.5%
How Many Times Did B.A.P Win With Skydive1
82.1%
Which Member Was An MC On The ShowHimchan
81.1%
Debut AlbumWarrior
79.1%
Hint Answer % Correct
How Many Times Did B.A.P Win With Feel So Good1
78.7%
How Many Times Did B.A.P Win With Young Wild Free2
78.6%
How Many Times Did B.A.P Win With 1004(Angel)3
78.6%
Maknae's Real NameChoi Junhong
77.3%
What Song Was B.A.P's First Win1004(Angel)
69.7%
Pre-Debut DuoBang Zelo
64.4%
Second Full AlbumNoir
64.2%
Second Single AlbumPower
62.5%
Sixth Single AlbumRose
62.1%
First Mini AlbumNo Mercy
56.7%
What Is The Most Popular B.A.P Pairing CalledDaejae
56.4%
Second Mini AlbumOne Shot
52%
Fifth Mini AlbumCarnival
51.6%
First Full AlbumFirst Sensibility
51.2%
Fifth Single AlbumPut Em Up
50.8%
Fourth Mini AlbumMatrix
46.7%
Third Mini AlbumBadman
45%
Why Did B.A.P Go On A Hiatus In 2015Lawsuit
44.3%
Third Single AlbumStop It
40.6%
First Mini Album RepackagedCrash
39.7%
Debut DateJanuary 27, 2012
24.8%
Fourth Single AlbumB.A.P Unplugged 2014
21.2%

You're not logged in!

Compare scores with friends on all Sporcle quizzes.
OR
Log In

You Might Also Like...

Show Comments

Extras

Created Sep 7, 2016ReportNominate
Tags:Kpop Quiz, Kpop Quiz

Top Quizzes Today


Score Distribution

Your Account Isn't Verified!

In order to create a playlist on Sporcle, you need to verify the email address you used during registration. Go to your Sporcle Settings to finish the process.

Report this User

Report this user for behavior that violates our Community Guidelines.

Details: